Statistics for Logic and Math Test

Click here to take the quiz!

General Stats

  • This quiz has been taken 447 times
  • The average score is 4 of 8

Answer Stats

QuestionAnswer% Correct
#1: What word should you first say to a Frenchman?Bonjour
81%
#8: What is bigger? A) A pie or B) π (pi)?B
72%
#7: What is bigger? A) A half mile square or B) A half square mile?B)
69%
#5: Where would you find Lionel Messi if he's not playing for Barcelona FC?Argentina
41%
#6: One hundred men divide forty thousand pounds between them. Ninety nine of them get two hundred pounds each. The other is an author, how much does he get?£20,200
34%
#4: Wht s n pls tw?Thr
34%
#3: When did you see Guy Fawkes?Never
20%
#2: If dog is to woof, what is a dog lead to?Pull
2%

Score Distribution

Percentile by Number Answered

Percent of People with Each Score

Your Score History

You have not taken this quiz